000
00287nam a2200121Ia 4500
008
190216s9999||||xx |||||||||||||| ||und||
100
_a
Thulasi Narayana Simh
245
0
_a
Hindi-14 Bharathiya Upanyas
260
_b
Shany & Bros.
_c
2010
300
_a
272
650
_a
Hindi
942
_c
BK
999
_c
16810
_d
16810